000 00735nam a2200217 i 4500
001 61041
003 ES-MaACL
005 20230906164344.0
007 t|
008 031110s1972 sp ||||1| spa d
245 0 0 _aEstudios sobre el nacimiento y desarrollo del capitalismo /
_cDavid S. Landes ... [et al.] ; [traductores: Jorge Fabra Ultray, Leopoldo Pérez Pita, Geneviève Corcelle].
250 _a2ª ed.
260 _a[Madrid] :
_bAyuso,
_c[1972]
300 _a193 p. ;
_c19 cm.
650 0 4 _aCapitalismo.
_910760
700 1 _aLandes, David S.
_969945
700 1 _aFabra Ultray, Jorge.
_948529
700 1 _aPérez Pita, Leopoldo.
_991088
700 1 _aCorcelle, Geneiève.
_940477
852 _aES-MaACL
_jE-81699
_bR.92485
999 _c61041
_d61041